| 000 | 00856nas a2200289 4500 | ||
|---|---|---|---|
| 001 | BR8003853 | ||
| 003 | BR-BrBNA | ||
| 005 | 20231205084340.0 | ||
| 007 | ta | ||
| 008 | 230509b bl.|||p| |||| 00| 00por d | ||
| 040 |
_aBR-BrBNA _bpor _cBiblioteca Nacional de Agricultura |
||
| 041 | _a(Pt) | ||
| 072 | _aL10; E70 | ||
| 100 | 1 | _aZarvos, G. | |
| 245 | 1 | _aInseminacao artificial [Gado leiteiro; Comercializacao; Semen; Barra do Pirai; Rio de Janeiro; Brasil] | |
| 650 | _aGENETICA ANIMAL | ||
| 650 | _aINSEMINACAO ARTIFICIAL | ||
| 650 | _aGADO LEITEIRO | ||
| 650 | _aVACA LEITEIRA | ||
| 650 | _aTOURO | ||
| 650 | _aSEMEN | ||
| 650 | _aPECUARIA LEITEIRA | ||
| 650 | _aRIO DE JANEIRO | ||
| 773 | 0 |
_tLavoura (Brazil) _xISSN 0023-9135 _g(Sep 1980), v. 83 p. 26-27 _wBR8003853 |
|
| 909 |
_a202311 _bLúcia _c55 _dLúcia Elande |
||
| 942 |
_2AGRIS _n0 _cANA |
||
| 999 |
_c104640 _d104640 |
||